000
00194 a2200097 4500
001
4907
100
_a
Butler,P
245
_a
Self defence complete
260
_a
_b
Faber
_c
090
_c
4096
_d
4096
942
_a
NUST-CAE
_c
M
_c
30374
999
_c
239980
_d
239980